[Event "Tenerife op 21st"]
[Site "Tenerife"]
[Date "2010.12.16"]
[Round "1"]
[White "Fernandez Garcia, Jose Luis"]
[Black "Garcia Aruca, Francisco Fernando"]
[Result "1-0"]
[WhiteElo "2428"]
[BlackElo "2165"]
[PlyCount "81"]
[EventDate "2010.12.16"]
[EventType "swiss"]
[EventRounds "9"]
[EventCountry "ESP"]
[SourceTitle "CBM 140 Extra"]
[Source "ChessBase"]
[SourceDate "2011.03.01"]
[SourceVersion "1"]
[SourceVersionDate "2011.03.01"]
[SourceQuality "1"]

1. e4 c5 2. Nf3 Nc6 3. Bb5 a6 4. Bxc6 dxc6 5. d3 Bg4 6. h3 Bh5 7. Be3 e6 8. Nbd2 Nf6 9. a4 a5 10. 0-0 Be7 11. Qe1 0-0 12. Ne5 Nd7 13. Nxd7 Qxd7 14. Nc4 Qc7 15. Bd2 b6 16. Bc3 f6 17. f4 Bd8 18. Kh1 Ra7 19. g4 Be8 20. Qg3 Qe7 21. e5 f5 22. Nd6 Qh4 23. Qxh4 Bxh4 24. g5 Bd7 25. Be1 Bxe1 26. Rfxe1 b5 27. Ra3 b4 28. Raa1 g6 29. b3 Kg7 30. Kh2 h6 31. h4 hxg5 32. hxg5 Rh8+ 33. Kg3 Rh5 34. Rh1 Ra8 35. Rxh5 gxh5 36. Rh1 Kg6 37. Nb7 c4 38. dxc4 Ra7 39. Nc5 Bc8 40. Rd1 Rh7 41. Rd8 1-0